FIFA ranking: the 20 best nations (01/19/2026) - Statistics

General Stats
  • This quiz has been taken 48 times
  • The average score is 19 of 20
Answer Stats
Ranking Confederation Nation % Correct
2 CONMEBOL Argentina
100%
5 CONMEBOL Brazil
100%
6 UEFA Portugal
100%
1 UEFA Spain
100%
9 UEFA Belgium
98%
4 UEFA England
98%
3 UEFA France
98%
13 UEFA Italy
98%
10 UEFA Germany
95%
16 CONCACAF Mexico
95%
8 CAF Morocco
95%
7 UEFA Netherlands
95%
12 CAF Senegal
95%
15 CONCACAF United States
95%
19 AFC Japan
91%
14 CONMEBOL Colombia
88%
18 UEFA Switzerland
88%
17 CONMEBOL Uruguay
88%
11 UEFA Croatia
86%
20 AFC Iran
81%
No matching quizzes found
Score Distribution
Percent of People with Each Score
Percentile by Number Answered
Your Score History
You have not taken this quiz